| 000 | 01732nam a2200361 i 4500 | ||
|---|---|---|---|
| 001 | 105907 | ||
| 003 | ES-MaACL | ||
| 005 | 20250821095126.0 | ||
| 007 | t| | ||
| 008 | 051207s1933 sp f |||| |dspa d | ||
| 080 | _a74 Baldi, Pier Maria | ||
| 080 | _a913(460+469)(02)"16" | ||
| 080 | _a929 Médicis, Cosme de | ||
| 100 | 1 |
_aMagalotti, Lorenzo, _d1637-1712 _9167387 |
|
| 245 | 1 | 0 |
_aViaje de Cosme de Médicis por España y Portugal (1668-1669) / _cedición y notas por Ángel Sánchez Rivero y Ángela Mariutti de Sánchez Rivero ; [ilustraciones de Pier María Baldi]. |
| 246 | 3 | _aRelazione del viaggio di Spagna | |
| 260 |
_aMadrid : _bJunta para Ampliación de Estudios e Investigaciones Científicas, Centro de Estudios Históricos, _c1933 ( _fSuc. de Rivadeneyra y Hauser y Menet) |
||
| 300 |
_a2 v. : _blám. ; _c25, 65 cm. |
||
| 505 | 8 | _aContiene: [v. 1] [Texto] (XXXI, 347 p.) - [v. 2] Láminas: imp. por Fototipia Hauser y Menet (LXXI h. de lám.) | |
| 546 | _aTexto introductorio en español y texto del Viaje en el original italiano. | ||
| 594 | _aAutor de las láminas (prólogo): Pier María Baldi. | ||
| 600 | 0 | 4 |
_aCosme _bIII _cGran Duque de Toscana. _940999 |
| 651 | 4 |
_aEspaña- _xDescripción- _vObras anteriores a 1800. _9147509 |
|
| 651 | 4 |
_aPortugal- _xDescripción- _vObras anteriores a 1800. _9155102 |
|
| 700 | 1 |
_aSánchez Rivero, Ángel, _d1888-1930 _9155101 |
|
| 700 | 1 |
_aMariutti, Ángela, _d1900-1981 _9162140 |
|
| 700 | 1 |
_aBaldi, Pier María. _924887 |
|
| 710 | 2 |
_aCentro de Estudios Históricos (1910-1939) _92638 |
|
| 710 | 2 |
_aHauser y Menet (Madrid) _94558 |
|
| 852 |
_aES-MaACL _jGF-42 _z(Láminas) |
||
| 852 |
_aES-MaACL _jL-32454 _z(Texto) |
||
| 999 |
_c105907 _d105907 |
||